| 000 | 00594nam a2200181 4500 | ||
|---|---|---|---|
| 001 | 111545 | ||
| 003 | ES-MaACL | ||
| 005 | 20230906185323.0 | ||
| 007 | t| | ||
| 008 | 061121s1969 sp r ||||1| spa d | ||
| 100 | 1 |
_aOrff, Carl. _987240 |
|
| 245 | 1 | 0 |
_aOrff-Schulwerk _b: música para niños / _cCarl Orff ; versión de Montserrat Sanuy, Luciano González Sarmiento. |
| 260 |
_aMadrid : _bUnión Musical Española, _c1969. |
||
| 300 |
_a190 p. ; _c19 cm. |
||
| 700 | 1 |
_aSanuy, Montserrat. _9103552 |
|
| 700 | 1 |
_aGonzález Sarmiento, Luciano. _958963 |
|
| 852 |
_aES-MaACL _jC-50732 _bR.69451 |
||
| 999 |
_c111545 _d111545 |
||